|
|
|
|
| LEADER |
00000nam0a2200000 4500 |
| 001 |
65114 |
| 005 |
20231101212158.0 |
| 010 |
|
|
|a 5020332275
|
| 035 |
|
|
|a (RuTPU)RU\TPU\book\69129
|
| 090 |
|
|
|a 65114
|
| 100 |
|
|
|a 20040616d2004 km y0rusy50 ca
|
| 101 |
0 |
|
|a rus
|
| 102 |
|
|
|a RU
|
| 105 |
|
|
|a a z 001zy
|
| 200 |
1 |
|
|a О химическом анализе и о том, что вокруг него
|f Ю. А. Золотов
|g Российская академия наук (РАН), Институт общей и неорганической химии им. Н. С. Курнакова (ИОНХ)
|
| 210 |
|
|
|a Москва
|c Наука
|d 2004
|
| 215 |
|
|
|a 477 с.
|c ил.
|
| 225 |
1 |
|
|a Наука Мировоззрение Жизнь
|
| 320 |
|
|
|a Библиогр.: с. 456-477.
|
| 606 |
1 |
|
|a Химия
|x История
|2 stltpush
|3 (RuTPU)RU\TPU\subj\58903
|9 76591
|
| 606 |
1 |
|
|a Химический анализ
|2 stltpush
|3 (RuTPU)RU\TPU\subj\70293
|9 84646
|
| 607 |
|
|
|a Россия
|
| 607 |
|
|
|a Европа
|
| 607 |
|
|
|a Китай
|
| 607 |
|
|
|a США
|
| 610 |
1 |
|
|a химическая наука
|
| 610 |
1 |
|
|a развитие
|
| 610 |
1 |
|
|a аналитическая химия
|
| 610 |
1 |
|
|a приборы
|
| 610 |
1 |
|
|a кадры
|
| 610 |
1 |
|
|a химики-аналитики
|
| 675 |
|
|
|a 54(09)
|v 3
|
| 675 |
|
|
|a 543(09)
|v 3
|
| 700 |
|
1 |
|a Золотов
|b Ю. А.
|g Юрий Александрович
|
| 712 |
0 |
2 |
|a Российская академия наук (РАН)
|b Институт общей и неорганической химии им. Н. С. Курнакова (ИОНХ)
|c (Москва)
|2 stltpush
|3 (RuTPU)RU\TPU\col\395
|
| 801 |
|
1 |
|a RU
|b 63413507
|c 20040616
|g PSBO
|
| 801 |
|
2 |
|a RU
|b 63413507
|c 20150521
|g PSBO
|
| 942 |
|
|
|c BK
|